|
|
|
|
| LEADER |
00861nab#a2200337#ar4500 |
| 001 |
000054321 |
| 003 |
SVKKK |
| 005 |
20051007094808.0 |
| 008 |
c2003 xo e slo |
| FMT |
|
|
|
| 015 |
|
|
|a SNBRB2005/10-ccccc
|
| 038 |
|
|
|a SVKKK
|
| 040 |
|
|
|a SVKKK
|b slo
|e AACR2
|
| 041 |
0 |
|
|a slo
|
| 044 |
|
|
|a xo
|c SK
|
| 080 |
|
|
|a 55-051
|2 1997
|
| 080 |
|
|
|a 929 Gazda, Stanislav
|2 1997
|
| 100 |
1 |
|
|a Bodiš, Dušan
|4 aut
|
| 245 |
1 |
0 |
|a Spomíname na inžiniera Stanislava Gazdu
|c D. Bodiš, S. Rapant, K. Vrana
|
| 504 |
|
|
|a Bibliogr. odkazy
|
| 600 |
1 |
4 |
|a Gazda, Stanislav,
|d 1933-1983
|
| 700 |
1 |
|
|a Rapant, Stanislav
|4 aut
|
| 700 |
1 |
|
|a Vrana, Kamil
|4 aut
|
| 773 |
0 |
|
|t Geologické práce. Správy
|x 0433-4795
|g Č. 108 (2003), s. 9-10
|
| 958 |
|
|
|a BX
|
| 958 |
|
|
|a NB
|
| 992 |
|
|
|a RBX
|
| BAS |
|
|
|
| 852 |
|
|
|a SVKKK
|b BIB
|
| EXP |
|
|
|
| 998 |
|
|
|a GEO
|